000 00740cam a2200241 a 4500
001 1619263
005 20180221071309.0
008 960105s1996 caua 001 0 eng d
010 _a 95081964
020 _a1568843925
035 _a(OCoLC)34265535
040 _aInJe
_cInJe
_dNBuBE
_dDLC
041 _aeng
042 _alccopycat
080 _a808.51 MAL
082 0 0 _a808.51 MAL
_220
100 1 _a49
101 _aEDU
245 1 0 _aSuccessful presentations for dummies /
_cby Malcolm Kushner ; foreword by Norman R. Augustine.
906 _a7
_bcbc
_ccopycat
_d2
_eopcn
_f19
_gy-gencatlg
942 _2ddc
_cBK
999 _c43044
_d43044